"The Times" estate market report (Record no. 104179)

MARC details
000 -LEADER
fixed length control field 00285cam a2200121 4500
001 - CONTROL NUMBER
control field L129411
008 - FIXED-LENGTH DATA ELEMENTS--GENERAL INFORMATION
fixed length control field 050418n1907 000 0 eng u
035 ## - SYSTEM CONTROL NUMBER
System control number (Sirsi) u129411
041 ## - LANGUAGE CODE
Language code of text/sound track or separate title eng
245 ## - TITLE STATEMENT
Title "The Times" estate market report
260 ## - PUBLICATION, DISTRIBUTION, ETC.
Place of publication, distribution, etc. [S.l]
Name of publisher, distributor, etc. [s.n.]
Date of publication, distribution, etc. 1907
942 ## - ADDED ENTRY ELEMENTS (KOHA)
Suppress in OPAC 0
Holdings
Withdrawn status Lost status Source of classification or shelving scheme Damaged status Not for loan Home library Current library Shelving location Date acquired Total Checkouts Barcode Date last seen Copy number Price effective from Koha item type
    Dewey Decimal Classification     London London Books 18/04/2005   129411-1001 06/08/2019 1 06/08/2019 Book